|
|
|
|
| LEADER |
01329nam a2200349Ia 4500 |
| 001 |
EBC565068 |
| 003 |
MiAaPQ |
| 005 |
20200520144314.0 |
| 006 |
m o d | |
| 007 |
cr cn||||||||| |
| 008 |
091119s2010 njua sb 001 0 eng d |
| 010 |
|
|
|z 2009045873
|
| 020 |
|
|
|z 9780470404010 (cloth)
|
| 035 |
|
|
|a (MiAaPQ)EBC565068
|
| 035 |
|
|
|a (Au-PeEL)EBL565068
|
| 035 |
|
|
|a (CaPaEBR)ebr10411615
|
| 035 |
|
|
|a (CaONFJC)MIL270768
|
| 035 |
|
|
|a (OCoLC)662452488
|
| 040 |
|
|
|a MiAaPQ
|c MiAaPQ
|d MiAaPQ
|
| 050 |
|
4 |
|a Q185
|b .M36 2010
|
| 082 |
0 |
4 |
|a 681/.750688
|2 22
|
| 100 |
1 |
|
|a McMaster, Marvin C.
|
| 245 |
1 |
0 |
|a Buying and selling laboratory instruments
|h [electronic resource] :
|b a practical consulting guide /
|c Marvin C. McMaster.
|
| 260 |
|
|
|a Hoboken, NJ :
|b Wiley,
|c c2010.
|
| 300 |
|
|
|a xiv, 160 p. :
|b ill.
|
| 504 |
|
|
|a Includes bibliographical references and index.
|
| 533 |
|
|
|a Electronic reproduction. Ann Arbor, MI : ProQuest, 2015. Available via World Wide Web. Access may be limited to ProQuest affiliated libraries.
|
| 650 |
|
0 |
|a Scientific apparatus and instruments
|x Marketing.
|
| 650 |
|
0 |
|a Laboratories
|x Equipment and supplies
|x Marketing.
|
| 655 |
|
4 |
|a Electronic books.
|
| 710 |
2 |
|
|a ProQuest (Firm)
|
| 856 |
4 |
0 |
|u https://ebookcentral.proquest.com/lib/matrademy/detail.action?docID=565068
|z Click to View
|